000 00981nam a2200241 a 4500
001 44399
003 BD-RjUL
005 20211209053841.0
008 160717s1994 bg ||||| |||| 00| 0 ben d
020 _a9840601270
_c: Tk.95.00
035 _a(BD-RjUL)44517
040 _aBD-RjUL
_bben
_cBD-RjUL
_dBD-RjUL
041 _aben
082 _223
_a297.0954926
_bBAB 1994
100 _aবান্না, আজিজুল হক
_9136286
245 1 0 _aবরিশালে ইসলাম /
_cআজিজুল হক বান্না
260 _aঢাকা :
_bইসলামিক ফাউন্ডেশন বাংলাদেশ,
_c১৯৯৪
300 _a[১৮], ৩১২ পৃ. ;
_c২১ সেমি.
504 _aগ্রন্থপঞ্জি ও নির্ঘন্ট সংযুক্ত
650 _aইসলাম
_zবরিশাল (বাংলাদেশ)
_9136287
650 _aIslam
_zBarisal (Bangladesh)
_9136288
942 _2ddc
_cBK
999 _c44399
_d44399